02577njm a2200433Ia 450000100060000000300090000600500170001500800410003204000130007304000130008604100120009910000110011110000180012210000380014024500390017825000110021726000120022826000560024030000100029630000300030650000450033650502890038151100140067065000570068470000610074170000900080270001020089270001920099470001230118670000920130970001040140170000810150570000800158670000990166670000890176570001150185470000810196970000930205073168IT-RoPAU20220918181215.0131025s9999 xx 000 0 und d aIT-RoPAU cIT-RoPAU aPOLACCO aAA.VV. eAutore musica gCodice autore musica SPICS: 12000 aJestes Moja Miloscia (Lp Plp 0021) a1a ed. aPOLONIA bPRONITc1984 [1a Ed.:1984 - Ed. Lingua Orig.: 1984] aDISCO c41 minuti (Testo: 0 pag.) aMusica leggera polacca. Canzone polacca. aJestes Moja Miloscia (5:00) - Kochaj Mnie Taka Jaka Jestem (4:00) - Tancz Dziewczyno (3:00) - A Moze Jednak Pamietasz (4:00) - Zakwitlam Roza (5:00) - Wolam Cie (3:00) - Nasza Milosc (4:00) - Nie Zaluj (5:00) - Taki Maly Ptak (3:00) - Feralna Dziewczyna (3:00) - Piesn Rosyjska (4:00) aRachon S. aCANZONE POLACCA [DISCHI]eCodice MATERIA SPICS: 9950 aGerman AnnagCodice interprete SPICS: 25422einterprete  aAbratowski J.gCodice autore musica SPICS: 25421eAutore musicapJestes Moja Miloscia aTylczynski A.gCodice autore testo/musica SPICS: 25163eAutore testo/musicapJestes Moja Miloscia aGerman AnnagCodice autore musica SPICS: 25422eAutore musicapKochaj Mnie Taka Jaka Jestem - Tancz Dziewczyno - Wolam Cie - Nasza Milosc - Nie Zaluj - Taki Maly Ptak - Feralna Dziewczyna aMiller J.gCodice autore testo/musica SPICS: 25498eAutore testo/musicapKochaj Mnie Taka Jaka Jestem - Zakwitlam Roza aSlowinski A.gCodice autore musica SPICS: 25423eAutore musicapA Moze Jednak Pamietasz aSulkowski J.gCodice autore testo/musica SPICS: 25516eAutore testo/musicapA Moze Jednak Pamietasz aGartner K.gCodice autore musica SPICS: 25424eAutore musicapZakwitlam Roza aJozefowicz Z.gCodice autore SPICS: 25484eAutorepWolam Cie - Nasza Milosc aCzabakgCodice autore testo/musica SPICS: 25517eAutore testo/musicapWolam Cie - Nasza Milosc aSadowski R.gCodice autore testo/musica SPICS: 25403eAutore testo/musicapNie Zaluj aFicowski J.gCodice autore testo/musica SPICS: 25518eAutore testo/musicapTaki Maly Ptak - Feralna Dziewczyna aKulikow E.gCodice autore musica SPICS: 25425eAutore musicapPiesn Rosyjska aRiabini M.gCodice autore testo/musica SPICS: 25519eAutore testo/musicapPiesn Rosyjska